
Library Catalogue

| 000 -LEADER | |
|---|---|
| fixed length control field | 01706nam a2200229Ia 4500 |
| 003 - CONTROL NUMBER IDENTIFIER | |
| control field | OSt |
| 005 - DATE AND TIME OF LATEST TRANSACTION | |
| control field | 20210215154251.0 |
| 008 - FIXED-LENGTH DATA ELEMENTS--GENERAL INFORMATION | |
| fixed length control field | 160316s2015 xxu||||| |||| 00| 0 eng d |
| 020 ## - INTERNATIONAL STANDARD BOOK NUMBER | |
| International Standard Book Number | 9780198726388 |
| 040 ## - CATALOGING SOURCE | |
| Transcribing agency | N |
| 082 ## - DEWEY DECIMAL CLASSIFICATION NUMBER | |
| Classification number | 347.077000 |
| Item number | VIR |
| 100 ## - MAIN ENTRY--PERSONAL NAME | |
| Personal name | Virgo Graham |
| 245 ## - TITLE STATEMENT | |
| Title | The principles of the law of restitution |
| 250 ## - EDITION STATEMENT | |
| Edition statement | 3rd |
| 260 ## - PUBLICATION, DISTRIBUTION, ETC. | |
| Place of publication, distribution, etc. | Oxford |
| Name of publisher, distributor, etc. | Clarendon Press |
| Date of publication, distribution, etc. | 2015 |
| 300 ## - PHYSICAL DESCRIPTION | |
| Extent | 772p |
| Dimensions | xi |
| 365 ## - TRADE PRICE | |
| Price amount | Rs. 9,823 |
| 505 ## - FORMATTED CONTENTS NOTE | |
| Formatted contents note | Table of contents<br/>1. The Essence Of Restitution ; <br/>2. Themes And Controversies ; <br/>Part II Unjust Enrichment ; <br/>3. The Principle Of Unjust Enrichment ; <br/>4. Enrichment ; <br/>5. At The Expense Of The Claimant ; <br/>6. Principles Underlying The Recognition Of The Grounds Of Restitution ; <br/>7. Lawful Bases ; <br/>8. Ignorance ; <br/>9. Mistake ; <br/>10. Compulsion ; <br/>11. Exploitation ; <br/>12. Necessity ; <br/>13. Failure Of Basis ; <br/>14. Incapacity ; <br/>15. Restitution From Public Authorities ; <br/>Part III Restitution For Wrongs ; <br/>16. General Principles ; <br/>17. Restitution For Torts ; <br/>18. Restitution For Breach Of Contract ; <br/>19. Restitution For Equitable Wrongdoing ; <br/>20. Criminal Offences ; <br/>Part IV Proprietary Restitutionary Claims ; <br/>21. Establishing Proprietary Restitutionary Claims ; <br/>22. Restitutionary Claims And Remedies To Vindicate Property Rights ; <br/>23. The Defence Of Bona Fide Purchase ; Part V General Defences To Restitutionary Claims ; <br/>24. Fundamental Principles ; <br/>25. Defences Arising From Changes In The Defendants Circumstances ; <br/>26. Passing On And Mitigation Of Loss ; <br/>27. Illegality ; 28. Incapacity ; <br/>29. Limitation Periods And Laches |
| 650 ## - SUBJECT ADDED ENTRY--TOPICAL TERM | |
| Topical term or geographic name entry element | 1.Restitution - U K |
| 700 ## - ADDED ENTRY--PERSONAL NAME | |
| Personal name | |
| -- | |
| 942 ## - ADDED ENTRY ELEMENTS (KOHA) | |
| Source of classification or shelving scheme | Dewey Decimal Classification |
| Koha item type | BOOKs |
| Withdrawn status | Lost status | Damaged status | Not for loan | Home library | Current library | Shelving location | Date acquired | Cost, normal purchase price | Total Checkouts | Full call number | Barcode | Date last seen | Price effective from | Koha item type |
|---|---|---|---|---|---|---|---|---|---|---|---|---|---|---|
| NLS | NLS | 30/05/2017 | 9623.00 | 347.077 VIR | 33819 | 30/05/2017 | 30/05/2017 | BOOKs |